Todos los canteranos del barca por valor de mercado 2 - Estadísticas

Estadísticas generales
  • Esta prueba ha sido intentada 33 veces
  • La puntuación promedio es 22 de 47
Estadísticas de respuestas
Hint Respuesta % Correcto
200 millones Lamine Yamal
100%
180 millones Lionel Messi
93%
50 millones Gerard Pique
89%
90 millones Pablo Gavi
89%
70 millones Andrés Iniesta
85%
30 millones Carles Puyol
85%
65 millones Xavi Hernandez
85%
30 millones Marc Casadó
81%
80 millones Pau Cubarsí
81%
60 millones Alejandro Balde
74%
5 millones Marc Bernal
74%
80 millones Sergio Busquets
74%
50 millones Fermín Lopéz
70%
30 millones Pedro
70%
80 millones Ansu fati
67%
60 millones Dani Olmo
67%
20 millones Víctor Valdes
63%
20 millones Eric García
59%
10 millones Héctor Fort
59%
45 millones Cesc Fabregas
52%
20 millones Óscar Mingueza
52%
70 millones Jordi Alba
48%
80 millones Xavi simons
44%
10 millones Iñaki Peña
41%
55 millones Marc Cucurella
41%
22 millones Marc Bartra
33%
8 millones Marc Guiu
33%
12 millones Gerard Martín
30%
60 millones Sergi Roberto
30%
1 millón Ander Astralaga
26%
100 millones Mauro icardi
26%
45 millones André Onana
22%
30 millones Carles Aleñá
22%
40 millones Nico Gonzalez
22%
25 millones Riqui Puig
22%
35 millones Thiago Alcántara
22%
45 millones Alejandro Grimaldo
19%
Medio millón Diego Kochen
19%
17 millones Gerard Deulofeu
19%
40 millones Héctor Bellerín
19%
25 millones Ilaix Moriba
19%
12 millones Rafinha
15%
35 millones Adama Traoré
11%
12 millones Munir El Haddadi
11%
10 millones Sandro Ramírez
11%
60 millones Takefusa Kubo
7%
10 millones Carles Pérez
0%
No se encontraron pruebas coincidentes
Distribución de puntuación
Porcentaje de gente con cada puntuación
Porcentaje por número respondido
Historial de tus puntuaciones
No has intentado esta prueba.